[Event "EYCC 2024 - O16"]
[Site "?"]
[Date "2024.08.30"]
[Round "8.10"]
[White "Mattenberger, Matthias"]
[Black "Kassios, Dimitrios"]
[Result "1-0"]
[BlackElo "2116"]
[WhiteElo "2257"]
[LiveChessVersion "1.4.8"]

1. d4 {[%clk 1:30:57]} d5 {[%clk 1:30:57]} 2. c4 {[%clk 1:31:22]} e6
{[%clk 1:31:24]} 3. Nc3 {[%clk 1:31:45]} Nf6 {[%clk 1:31:45]} 4. cxd5
{[%clk 1:32:06]} exd5 {[%clk 1:32:11]} 5. Bg5 {[%clk 1:32:25]} c6
{[%clk 1:32:34]} 6. e3 {[%clk 1:32:50]} h6 {[%clk 1:32:59]} 7. Bh4
{[%clk 1:33:15]} Be7 {[%clk 1:33:25]} 8. Bd3 {[%clk 1:33:32]} O-O
{[%clk 1:33:49]} 9. Qc2 {[%clk 1:33:36]} Re8 {[%clk 1:34:14]} 10. Nge2
{[%clk 1:33:54]} Nbd7 {[%clk 1:34:32]} 11. O-O {[%clk 1:33:56]} a5
{[%clk 1:34:51]} 12. Rae1 {[%clk 1:33:24]} b5 {[%clk 1:35:09]} 13. Nc1
{[%clk 1:26:00]} Ba6 {[%clk 1:26:31]} 14. a4 {[%clk 1:07:50]} Qb6
{[%clk 1:19:21]} 15. Bxf6 {[%clk 0:58:29]} Nxf6 {[%clk 1:12:12]} 16. Qb3
{[%clk 0:51:25]} b4 {[%clk 1:10:35]} 17. N3e2 {[%clk 0:49:53]} Ne4
{[%clk 1:08:47]} 18. Rd1 {[%clk 0:49:07]} Bf6 {[%clk 0:57:51]} 19. Bxa6
{[%clk 0:31:42]} Qxa6 {[%clk 0:58:07]} 20. Nf4 {[%clk 0:28:27]} Rac8
{[%clk 0:55:45]} 21. Qd3 {[%clk 0:26:21]} Qb6 {[%clk 0:44:41]} 22. Nb3
{[%clk 0:24:59]} Bg5 {[%clk 0:30:35]} 23. Nh3 {[%clk 0:18:05]} c5
{[%clk 0:26:25]} 24. dxc5 {[%clk 0:17:59]} Nxc5 {[%clk 0:26:49]} 25. Nxc5
{[%clk 0:15:49]} Rxc5 {[%clk 0:27:10]} 26. Nxg5 {[%clk 0:14:58]} hxg5
{[%clk 0:26:03]} 27. Rc1 {[%clk 0:11:06]} Re4 {[%clk 0:22:41]} 28. Rxc5
{[%clk 0:11:10]} Qxc5 {[%clk 0:23:07]} 29. Rd1 {[%clk 0:10:54]} Rc4
{[%clk 0:23:30]} 30. h3 {[%clk 0:08:39]} Rc1 {[%clk 0:22:25]} 31. b3
{[%clk 0:08:10]} Rxd1+ {[%clk 0:17:53]} 32. Qxd1 {[%clk 0:08:39]} Kf8
{[%clk 0:17:46]} 33. Qd3 {[%clk 0:08:03]} g6 {[%clk 0:16:47]} 34. Kh2
{[%clk 0:07:23]} Ke7 {[%clk 0:17:01]} 35. g3 {[%clk 0:07:32]} Ke6
{[%clk 0:15:37]} 36. Kg2 {[%clk 0:07:29]} Ke5 {[%clk 0:14:23]} 37. Kf3
{[%clk 0:05:42]} f5 {[%clk 0:11:50]} 38. Ke2 {[%clk 0:04:43]} Kf6
{[%clk 0:08:53]} 39. Kd1 {[%clk 0:03:41]} Kf7 {[%clk 0:07:22]} 40. Kd2
{[%clk 0:03:05]} Kf6 {[%clk 0:07:14]} 41. Ke2 {[%clk 0:03:27]} Kf7
{[%clk 0:06:04]} 42. Kd1 {[%clk 0:03:47]} Ke7 {[%clk 0:05:01]} 43. Kd2
{[%clk 0:03:44]} Kf6 {[%clk 0:05:21]} 44. Qa6+ {[%clk 0:03:00]} Kf7
{[%clk 0:05:33]} 45. Qb7+ {[%clk 0:03:09]} Kf6 {[%clk 0:05:53]} 46. Qa6+
{[%clk 0:03:11]} Kf7 {[%clk 0:06:17]} 47. Qd3 {[%clk 0:03:12]} Kf6
{[%clk 0:06:17]} 48. Kd1 {[%clk 0:03:26]} Kf7 {[%clk 0:06:08]} 49. Qd2
{[%clk 0:03:42]} Kf6 {[%clk 0:06:13]} 50. Qb2+ {[%clk 0:03:58]} Kf7
{[%clk 0:06:10]} 51. Qe5 {[%clk 0:04:04]} Qc6 {[%clk 0:04:45]} 52. Qd4
{[%clk 0:04:21]} Kg8 {[%clk 0:04:51]} 53. Qa7 {[%clk 0:04:36]} Qe6
{[%clk 0:02:07]} 54. Qxa5 {[%clk 0:04:11]} Qe4 {[%clk 0:00:51]} 55. Qd8+
{[%clk 0:03:46]} Kf7 {[%clk 0:01:09]} 56. Qc7+ {[%clk 0:03:38]} Kg8
{[%clk 0:01:16]} 57. Qc2 {[%clk 0:02:11]} Qh1+ 58. Ke2 {[%clk 0:02:34]} Qa1
{[%clk 0:00:39]} 59. Qc8+ {[%clk 0:02:52]} Kg7 {[%clk 0:00:56]} 60. Qb7+
{[%clk 0:03:15]} Kh6 {[%clk 0:01:05]} 61. Qxb4 {[%clk 0:03:32]} Qa2+
{[%clk 0:01:19]} 62. Kf1 {[%clk 0:03:42]} Qb1+ {[%clk 0:01:40]} 63. Kg2
{[%clk 0:04:02]} Qd3 {[%clk 0:02:08]} 64. Qd4 {[%clk 0:04:19]} 1-0

[Event "EYCC 2024 - O16"]
[Site "?"]
[Date "2024.08.30"]
[Round "8.11"]
[White "Gut, Lionel"]
[Black "Lyakh, Vasiliy"]
[Result "1/2-1/2"]
[BlackElo "2115"]
[WhiteElo "2252"]
[LiveChessVersion "1.4.8"]

1. d4 {[%clk 1:30:50]} Nf6 {[%clk 1:30:56]} 2. c4 {[%clk 1:31:16]} e6
{[%clk 1:31:23]} 3. Nc3 {[%clk 1:31:41]} Bb4 {[%clk 1:31:51]} 4. e3
{[%clk 1:32:06]} O-O {[%clk 1:32:16]} 5. Bd2 {[%clk 1:32:34]} d5 {[%clk 1:32:41]}
6. Nf3 {[%clk 1:33:00]} b6 {[%clk 1:33:07]} 7. cxd5 {[%clk 1:33:26]} exd5
{[%clk 1:33:37]} 8. Bd3 {[%clk 1:33:46]} Bd6 {[%clk 1:34:06]} 9. O-O
{[%clk 1:33:01]} Re8 {[%clk 1:34:34]} 10. Nb5 {[%clk 1:30:43]} Bf8
{[%clk 1:35:04]} 11. Ne5 {[%clk 1:30:58]} c5 {[%clk 1:35:31]} 12. f4
{[%clk 1:26:11]} a6 {[%clk 1:35:57]} 13. Nc3 {[%clk 1:26:24]} b5 {[%clk 1:36:24]}
14. Qf3 {[%clk 1:24:24]} c4 {[%clk 1:36:50]} 15. Bc2 {[%clk 1:24:39]} b4
{[%clk 1:37:17]} 16. Ne2 {[%clk 1:13:09]} a5 {[%clk 1:37:46]} 17. Be1
{[%clk 1:10:27]} Ne4 {[%clk 1:24:10]} 18. Bxe4 {[%clk 0:47:14]} dxe4
{[%clk 1:24:39]} 19. Qxe4 {[%clk 0:47:18]} Ra7 {[%clk 1:25:08]} 20. Qc2
{[%clk 0:45:08]} Rc7 {[%clk 1:25:34]} 21. f5 {[%clk 0:39:00]} f6 {[%clk 1:10:42]}
22. Bh4 {[%clk 0:39:16]} Qd5 {[%clk 1:07:03]} 23. Qa4 {[%clk 0:26:30]} Ree7
{[%clk 1:01:57]} 24. Nf4 {[%clk 0:22:32]} Qb7 {[%clk 0:35:41]} 25. Nf3
{[%clk 0:19:35]} Bxf5 {[%clk 0:35:42]} 26. Qxa5 {[%clk 0:19:12]} Be4
{[%clk 0:36:07]} 27. Bg3 {[%clk 0:18:38]} Rc8 {[%clk 0:31:20]} 28. Rac1
{[%clk 0:16:44]} Nc6 {[%clk 0:27:08]} 29. Qh5 {[%clk 0:13:57]} g6
{[%clk 0:24:49]} 30. Qh3 {[%clk 0:14:23]} Na5 {[%clk 0:21:26]} 31. Bf2
{[%clk 0:13:16]} Bf5 {[%clk 0:14:08]} 32. Qg3 {[%clk 0:13:31]} c3
{[%clk 0:14:33]} 33. bxc3 {[%clk 0:13:54]} bxc3 {[%clk 0:14:59]} 34. d5
{[%clk 0:13:11]} Ree8 {[%clk 0:13:34]} 35. Nd4 {[%clk 0:12:52]} Be4
{[%clk 0:13:58]} 36. Be1 {[%clk 0:12:22]} Qb2 {[%clk 0:13:08]} 37. Nfe2
{[%clk 0:12:09]} Bb4 {[%clk 0:12:20]} 38. d6 {[%clk 0:11:21]} Red8
{[%clk 0:11:51]} 39. Qg4 {[%clk 0:10:27]} f5 {[%clk 0:10:30]} 40. Nxf5
{[%clk 0:09:09]} Bxf5 {[%clk 0:10:55]} 41. Rxf5 {[%clk 0:09:34]} Rc4
{[%clk 0:10:38]} 42. Rf4 {[%clk 0:09:58]} Rxf4 {[%clk 0:11:00]} 43. exf4
{[%clk 0:09:32]} Qxa2 {[%clk 0:04:41]} 44. Bxc3 {[%clk 0:08:58]} Bxd6
{[%clk 0:02:38]} 45. Qg5 {[%clk 0:08:41]} Rd7 {[%clk 0:01:25]} 46. Qxa5
{[%clk 0:05:58]} Qxe2 {[%clk 0:01:19]} 47. Qd5+ {[%clk 0:06:21]} Kf8
{[%clk 0:01:43]} 48. Bd4 {[%clk 0:05:36]} Qe7 {[%clk 0:00:41]} 49. Qb3
{[%clk 0:01:22]} Rd8 {[%clk 0:00:38]} 50. Be3 {[%clk 0:00:39]} Re8
{[%clk 0:00:48]} 51. Bf2 {[%clk 0:00:38]} Qf7 {[%clk 0:00:39]} 52. Qb2
{[%clk 0:00:38]} Kg8 {[%clk 0:00:50]} 53. g3 {[%clk 0:01:01]} Bf8
{[%clk 0:00:59]} 54. Rd1 {[%clk 0:00:41]} Bg7 {[%clk 0:01:11]} 55. Qc2
{[%clk 0:01:10]} Qe6 {[%clk 0:00:55]} 56. Qa4 {[%clk 0:01:17]} Qf7
{[%clk 0:01:24]} 57. Qa6 {[%clk 0:02:08]} Qb3 {[%clk 0:01:12]} 58. Qd6
{[%clk 0:02:27]} Qe6 {[%clk 0:01:35]} 59. Qc7 {[%clk 0:02:16]} Re7
{[%clk 0:00:43]} 60. Rd8+ {[%clk 0:02:24]} Kf7 {[%clk 0:01:12]} 61. Qc2
{[%clk 0:02:33]} Rd7 {[%clk 0:01:20]} 62. Ra8 {[%clk 0:01:03]} Qd5
{[%clk 0:01:41]} 63. Qa2 {[%clk 0:00:43]} Qxa2 {[%clk 0:01:54]} 64. Rxa2
{[%clk 0:01:12]} h5 {[%clk 0:02:10]} 65. Kg2 {[%clk 0:01:30]} Rb7
{[%clk 0:02:26]} 66. Rc2 {[%clk 0:01:13]} Bf6 {[%clk 0:02:25]} 67. h3
{[%clk 0:01:30]} Bg7 {[%clk 0:02:24]} 68. Rd2 {[%clk 0:01:49]} Bf6
{[%clk 0:02:41]} 69. Rd3 {[%clk 0:02:12]} Ke6 {[%clk 0:02:44]} 70. Kf3
{[%clk 0:02:22]} Rb4 {[%clk 0:02:36]} 71. Ra3 {[%clk 0:02:15]} Rb7
{[%clk 0:02:54]} 72. Be3 {[%clk 0:02:28]} Kf7 {[%clk 0:03:03]} 73. Ra4
{[%clk 0:01:00]} Bg7 {[%clk 0:02:19]} 74. Rc4 {[%clk 0:01:03]} Bf6
{[%clk 0:02:42]} 75. g4 {[%clk 0:01:16]} hxg4+ {[%clk 0:03:11]} 76. hxg4
{[%clk 0:01:44]} Bg7 {[%clk 0:02:32]} 77. Ke2 {[%clk 0:01:29]} Bf6
{[%clk 0:02:46]} 78. Rc6 {[%clk 0:01:34]} Re7 {[%clk 0:02:29]} 79. Kf3
{[%clk 0:01:56]} Rb7 {[%clk 0:02:51]} 80. g5 {[%clk 0:01:54]} Bg7
{[%clk 0:03:02]} 81. Ra6 {[%clk 0:01:56]} Bb2 {[%clk 0:02:44]} 82. Rc6
{[%clk 0:02:07]} Bg7 {[%clk 0:03:09]} 83. Kg4 {[%clk 0:01:15]} Re7
{[%clk 0:03:23]} 84. Kf3 {[%clk 0:01:37]} Re6 {[%clk 0:03:39]} 85. Rc7+
{[%clk 0:01:54]} Re7 {[%clk 0:04:08]} 86. Rc2 {[%clk 0:02:03]} Re6
{[%clk 0:03:55]} 87. Ra2 {[%clk 0:02:14]} Re7 {[%clk 0:04:13]} 88. Ra6
{[%clk 0:02:37]} Re6 {[%clk 0:04:41]} 89. Ra4 {[%clk 0:02:24]} Re7
{[%clk 0:05:05]} 90. Ra2 {[%clk 0:02:05]} Rd7 {[%clk 0:04:38]} 91. Ra6
{[%clk 0:02:28]} Bd4 {[%clk 0:04:40]} 92. Bc1 {[%clk 0:01:10]} Rc7
{[%clk 0:02:49]} 93. Bd2 {[%clk 0:00:45]} 1/2-1/2

[Event "EYCC 2024 - O16"]
[Site "?"]
[Date "2024.08.30"]
[Round "8.12"]
[White "Hartofylakas, Spyros"]
[Black "Elias, David"]
[Result "1/2-1/2"]
[BlackElo "2246"]
[WhiteElo "2117"]
[LiveChessVersion "1.4.8"]

1. e4 {[%clk 1:30:58]} c5 {[%clk 1:30:55]} 2. Nf3 {[%clk 1:31:18]} d6
{[%clk 1:31:21]} 3. d4 {[%clk 1:31:37]} cxd4 {[%clk 1:31:46]} 4. Nxd4
{[%clk 1:31:45]} Nf6 {[%clk 1:32:12]} 5. Nc3 {[%clk 1:32:10]} Nc6
{[%clk 1:32:37]} 6. Bg5 {[%clk 1:32:07]} Bd7 {[%clk 1:33:02]} 7. Nxc6
{[%clk 1:31:48]} bxc6 {[%clk 1:32:46]} 8. Bc4 {[%clk 1:31:40]} Qa5
{[%clk 1:31:59]} 9. Bxf6 {[%clk 1:27:09]} gxf6 {[%clk 1:32:22]} 10. Qe2
{[%clk 1:09:25]} Rg8 {[%clk 1:23:44]} 11. g3 {[%clk 1:09:14]} Bh6
{[%clk 1:17:08]} 12. f4 {[%clk 1:06:43]} Rb8 {[%clk 1:07:34]} 13. Bb3
{[%clk 1:05:19]} Qc5 {[%clk 1:06:52]} 14. Qf2 {[%clk 0:57:50]} Qxf2+
{[%clk 1:07:17]} 15. Kxf2 {[%clk 0:58:08]} e6 {[%clk 1:07:44]} 16. Rad1
{[%clk 0:56:09]} Bf8 {[%clk 1:07:55]} 17. Rhe1 {[%clk 0:53:21]} Kd8
{[%clk 1:06:27]} 18. Kf3 {[%clk 0:52:28]} h5 {[%clk 1:05:22]} 19. h3
{[%clk 0:51:30]} d5 {[%clk 1:01:31]} 20. g4 {[%clk 0:40:25]} hxg4+
{[%clk 1:01:57]} 21. hxg4 {[%clk 0:40:50]} Bb4 {[%clk 0:51:23]} 22. Re3
{[%clk 0:30:41]} e5 {[%clk 0:37:26]} 23. f5 {[%clk 0:30:51]} d4 {[%clk 0:37:49]}
24. Red3 {[%clk 0:31:08]} Ke7 {[%clk 0:37:54]} 25. Ne2 {[%clk 0:24:47]} c5
{[%clk 0:36:57]} 26. Bc4 {[%clk 0:24:07]} Rh8 {[%clk 0:31:34]} 27. c3
{[%clk 0:22:12]} Ba5 {[%clk 0:32:01]} 28. b4 {[%clk 0:22:28]} Ba4
{[%clk 0:16:04]} 29. Rc1 {[%clk 0:13:39]} Rh3+ {[%clk 0:16:17]} 30. Kg2
{[%clk 0:13:08]} Rxd3 {[%clk 0:16:43]} 31. Bxd3 {[%clk 0:13:34]} cxb4
{[%clk 0:16:09]} 32. cxd4 {[%clk 0:14:00]} exd4 {[%clk 0:16:34]} 33. Nf4
{[%clk 0:11:38]} Kd6 {[%clk 0:09:33]} 34. Rc4 {[%clk 0:10:38]} Bb5
{[%clk 0:04:14]} 35. Rxd4+ {[%clk 0:10:54]} Ke5 {[%clk 0:04:41]} 36. Rd5+
{[%clk 0:09:27]} Kxf4 {[%clk 0:05:06]} 37. Rxb5 {[%clk 0:09:38]} Rxb5
{[%clk 0:05:09]} 38. Bxb5 {[%clk 0:10:04]} Kxe4 {[%clk 0:04:09]} 39. Kf2
{[%clk 0:09:49]} Bb6+ {[%clk 0:03:08]} 40. Ke2 Kf4 {[%clk 0:03:06]} 41. Kd3
{[%clk 0:09:42]} Kxg4 {[%clk 0:03:33]} 42. Bd7 {[%clk 0:10:06]} Bd8
{[%clk 0:03:29]} 43. Kc2 {[%clk 0:10:05]} Kf4 {[%clk 0:03:48]} 44. Kb3
{[%clk 0:10:31]} Be7 {[%clk 0:04:11]} 45. Bc8 {[%clk 0:10:10]} Ke4
{[%clk 0:04:17]} 46. Bd7 {[%clk 0:10:15]} Kd5 {[%clk 0:03:35]} 47. Be8
{[%clk 0:10:08]} Ke5 {[%clk 0:03:57]} 48. Bd7 {[%clk 0:10:34]} Bf8
{[%clk 0:04:11]} 49. Bc8 {[%clk 0:10:53]} Kd6 {[%clk 0:03:52]} 50. Ba6
{[%clk 0:10:47]} Kc6 {[%clk 0:03:24]} 51. Bc4 {[%clk 0:11:00]} a5
{[%clk 0:03:49]} 52. Bxf7 {[%clk 0:11:23]} Kc5 {[%clk 0:04:17]} 53. Be8
{[%clk 0:11:29]} 1/2-1/2

[Event "EYCC 2024 - O16"]
[Site "?"]
[Date "2024.08.30"]
[Round "8.13"]
[White "Davudov, Tunar"]
[Black "Artemov, Andriy"]
[Result "1-0"]
[BlackElo "2096"]
[WhiteElo "2238"]
[LiveChessVersion "1.4.8"]

1. e4 {[%clk 1:30:57]} e5 {[%clk 1:30:53]} 2. Nf3 {[%clk 1:31:20]} Nc6
{[%clk 1:31:17]} 3. Bb5 {[%clk 1:31:39]} Nf6 {[%clk 1:31:39]} 4. d3
{[%clk 1:31:48]} d6 {[%clk 1:31:36]} 5. O-O {[%clk 1:31:30]} g6 {[%clk 1:32:01]}
6. d4 {[%clk 1:29:02]} Bd7 {[%clk 1:28:52]} 7. Nc3 {[%clk 1:27:54]} exd4
{[%clk 1:25:44]} 8. Nxd4 {[%clk 1:27:14]} Bg7 {[%clk 1:25:17]} 9. Bg5
{[%clk 1:25:54]} h6 {[%clk 1:21:42]} 10. Bh4 {[%clk 1:23:28]} O-O
{[%clk 1:19:57]} 11. Bxc6 bxc6 {[%clk 1:14:57]} 12. f4 {[%clk 1:18:38]} Qb8 13.
Rb1 {[%clk 1:00:46]} Qb6 {[%clk 1:00:48]} 14. Na4 {[%clk 0:48:52]} Qa5
{[%clk 1:00:07]} 15. Nc3 {[%clk 0:45:57]} Ng4 {[%clk 0:54:18]} 16. Qd2 Qc5 17.
Rbd1 {[%clk 0:35:30]} Rab8 {[%clk 0:50:31]} 18. b3 {[%clk 0:33:14]} Rfe8
{[%clk 0:46:50]} 19. h3 {[%clk 0:28:44]} Rb4 {[%clk 0:39:49]} 20. Nce2
{[%clk 0:28:01]} Nf6 {[%clk 0:34:34]} 21. c3 {[%clk 0:27:04]} Rbb8
{[%clk 0:34:49]} 22. Bxf6 {[%clk 0:27:11]} Bxf6 {[%clk 0:35:13]} 23. Qd3
{[%clk 0:25:00]} Qb6 {[%clk 0:34:51]} 24. Kh1 {[%clk 0:20:03]} c5
{[%clk 0:33:21]} 25. Nf3 {[%clk 0:19:53]} Bc6 {[%clk 0:31:31]} 26. Ng3
{[%clk 0:20:01]} Qa5 {[%clk 0:30:23]} 27. e5 {[%clk 0:16:30]} c4 {[%clk 0:24:08]}
28. Qxc4 {[%clk 0:14:48]} Bb5 {[%clk 0:24:21]} 29. Qd5 {[%clk 0:15:00]} c6
{[%clk 0:24:38]} 30. Qxd6 {[%clk 0:14:07]} Be7 {[%clk 0:24:51]} 31. Qd2
{[%clk 0:14:24]} Bxf1 {[%clk 0:24:57]} 32. Rxf1 {[%clk 0:14:43]} Rbd8
{[%clk 0:25:00]} 33. Qc2 {[%clk 0:12:25]} Qd5 {[%clk 0:24:59]} 34. f5
{[%clk 0:10:54]} Qd3 {[%clk 0:24:27]} 35. Qc1 {[%clk 0:11:18]} Kh7
{[%clk 0:23:57]} 36. Qf4 {[%clk 0:08:07]} Bf8 {[%clk 0:18:54]} 37. e6
{[%clk 0:04:50]} Bd6 {[%clk 0:16:58]} 38. Qh4 {[%clk 0:02:40]} 1-0

[Event "EYCC 2024 - O16"]
[Site "?"]
[Date "2024.08.30"]
[Round "8.14"]
[White "Juhanak, Daniel"]
[Black "Fiskaaen, Martin Holten"]
[Result "1/2-1/2"]
[BlackElo "2225"]
[WhiteElo "2047"]
[LiveChessVersion "1.4.8"]

1. e4 {[%clk 1:30:52]} c5 {[%clk 1:30:54]} 2. Nf3 {[%clk 1:31:10]} d6
{[%clk 1:31:18]} 3. Bc4 {[%clk 1:31:10]} Nf6 {[%clk 1:29:58]} 4. d3
{[%clk 1:29:22]} Nc6 {[%clk 1:26:19]} 5. O-O {[%clk 1:29:03]} g6 {[%clk 1:23:13]}
6. Nc3 {[%clk 1:27:14]} Bg7 {[%clk 1:22:55]} 7. h3 {[%clk 1:23:28]} O-O
{[%clk 1:22:49]} 8. a3 {[%clk 1:16:00]} a6 {[%clk 1:22:25]} 9. Bf4
{[%clk 1:12:48]} b5 {[%clk 1:20:29]} 10. Ba2 {[%clk 1:10:10]} Bb7
{[%clk 1:12:27]} 11. Qd2 {[%clk 1:01:49]} Rc8 {[%clk 1:10:06]} 12. Ne2
{[%clk 0:52:55]} Qd7 {[%clk 1:01:03]} 13. Bh6 e5 14. Ng3 {[%clk 0:42:53]} Ne7
{[%clk 1:00:49]} 15. Nh4 {[%clk 0:40:24]} Kh8 {[%clk 0:52:51]} 16. Bxg7+
{[%clk 0:35:48]} Kxg7 {[%clk 0:53:20]} 17. f4 {[%clk 0:34:27]} Nfg8
{[%clk 0:51:18]} 18. fxe5 {[%clk 0:28:03]} dxe5 {[%clk 0:51:46]} 19. Qg5
{[%clk 0:09:01]} Qd4+ {[%clk 0:39:03]} 20. Kh2 {[%clk 0:08:21]} h6
{[%clk 0:39:06]} 21. Qg4 {[%clk 0:03:07]} Qxb2 {[%clk 0:39:26]} 22. Ngf5+
{[%clk 0:00:59]} Nxf5 {[%clk 0:37:33]} 23. Nxf5+ {[%clk 0:01:22]} Kh7
{[%clk 0:38:00]} 24. Nd6 {[%clk 0:01:10]} Rc7 {[%clk 0:37:53]} 25. Bxf7
{[%clk 0:00:58]} Ne7 {[%clk 0:36:18]} 26. Be8 {[%clk 0:00:41]} Rf4
{[%clk 0:35:03]} 27. Rxf4 {[%clk 0:00:34]} exf4 {[%clk 0:35:32]} 28. Rf1
{[%clk 0:00:37]} g5 {[%clk 0:17:49]} 29. Qe6 {[%clk 0:00:47]} Qh8
{[%clk 0:14:36]} 30. Bh5 {[%clk 0:00:36]} Qg8 {[%clk 0:08:42]} 31. Qf6
{[%clk 0:00:33]} Bc6 {[%clk 0:03:54]} 32. Nf5 {[%clk 0:00:44]} Nxf5
{[%clk 0:03:18]} 33. Qxf5+ {[%clk 0:01:13]} Kh8 {[%clk 0:03:42]} 34. Qf6+
{[%clk 0:00:41]} Qg7 {[%clk 0:03:54]} 35. Qd8+ {[%clk 0:00:54]} Kh7
{[%clk 0:04:20]} 36. Qd6 {[%clk 0:00:38]} Kg8 {[%clk 0:01:06]} 37. Qd8+
{[%clk 0:00:34]} Kh7 {[%clk 0:01:30]} 38. Qd6 {[%clk 0:01:03]} Kg8
{[%clk 0:01:56]} 39. Bg4 {[%clk 0:00:38]} Be8 {[%clk 0:01:18]} 40. Be6+
{[%clk 0:00:34]} Kh8 {[%clk 0:01:28]} 41. Bd5 {[%clk 0:00:42]} c4
{[%clk 0:00:33]} 42. dxc4 {[%clk 0:00:37]} bxc4 {[%clk 0:01:02]} 43. Qxa6
{[%clk 0:00:47]} c3 {[%clk 0:00:32]} 44. Qd6 {[%clk 0:00:41]} Rd7
{[%clk 0:00:37]} 45. Qb8 {[%clk 0:00:49]} Re7 {[%clk 0:00:55]} 46. Qd6
{[%clk 0:00:39]} Rd7 {[%clk 0:00:39]} 47. Qb8 {[%clk 0:00:58]} Re7
{[%clk 0:01:08]} 48. Rb1 {[%clk 0:01:04]} f3 {[%clk 0:00:36]} 49. gxf3
{[%clk 0:00:45]} Qd4 {[%clk 0:01:06]} 50. Qg3 {[%clk 0:00:36]} Qd2+
{[%clk 0:00:47]} 51. Qg2 {[%clk 0:01:05]} Qf4+ {[%clk 0:01:12]} 52. Qg3
{[%clk 0:00:49]} Qd2+ {[%clk 0:01:35]} 53. Qg2 {[%clk 0:01:19]} Qf4+
{[%clk 0:01:59]} 54. Qg3 {[%clk 0:00:39]} 1/2-1/2